Vereine anhand ihrer ewigen Top Torschützen erkennen - Statistiken

Allgemein
  • Dieses Quiz wurde 427 mal gespielt
  • Das Durchschnittsergebnis liegt bei 14 aus 15
Antwortstatistiken
Bester Torschütze 2. bester Torschütze 3. bester Torschütze Verein % Korrekt
Gerd Müller Robert Lewandowski Thomas Müller FC Bayern München
100%
Lionel Messi César Rodríguez Luis Suarez FC Barcelona
99%
Cristiano Ronaldo Karim Benzema Raul Real Madrid
99%
Adi Preißler Marco Reus Michael Zorc Borussia Dortmund
98%
Kylian Mbappe Edinson Cavani Zlatan Ibrahimovic Paris Saint Germain
98%
Ian Rush Roger Hunt Mohamed Salah FC Liverpool
96%
Sergio Aguero Joe Hayes Raheem Sterling Manchester City
95%
Wayne Rooney Sir Bobby Charlton Denis Law Manchester United
95%
Antoine Griezmann Luis Aragonés Fernando Torres Atletico Madrid
94%
Harry Kane Jimmy Greaves Bobby Smith Tottenham Hotspur
94%
Frank Lampard Bobby Tambling Didier Drogba FC Chelsea
93%
Alessandro Del Piero Giampiero Boniperti Roberto Bettega Juventus Turin
90%
Ulf Kirsten Stefan Kießling Dimitar Berbatov Bayer 04 Leverkusen
89%
Giuseppe Meazza Alessandro Altobelli Roberto Boninsegna Inter Mailand
89%
Gunnar Nordahl Andriy Shevchenko Gianni Rivera AC Mailand
85%
Keine übereinstimmenden Quizze gefunden
Verteilung der Resultate
Anzahl Personen mit jedem Resultat
Perzentil nach korrekt beantworteten Fragen
Ihre Resultats-Entwicklung
Sie haben dieses Quiz noch nicht gespielt